Educación y política : El paradojal sistema de la educación argentina /
Guardado en:
| Autor Principal: | |
|---|---|
| Formato: | Libro |
| Idioma: | Undetermined |
| Publicado: |
Buenos Aires :
Librería del Colegio,
1969.
|
| Materias: | |
| Etiquetas: |
Agregar Etiqueta
Sin Etiquetas, Sea el primero en etiquetar este registro!
|
| LEADER | 00583nam a22001695a 4500 | ||
|---|---|---|---|
| 001 | EHU.bham045913 | ||
| 005 | 20111229095055.0 | ||
| 008 | 110405s1969####ag############000#0#und#d | ||
| 100 | 1 | |a Cirigliano, Gustavo F. J. | |
| 245 | 0 | 0 | |a Educación y política : |b El paradojal sistema de la educación argentina / |c Gustavo F. J. Cirigliano. |
| 260 | |a Buenos Aires : |b Librería del Colegio, |c 1969. | ||
| 300 | |a 154 p. | ||
| 653 | |a Pedagogía | ||
| 653 | |a Educación | ||
| 653 | |a Política | ||
| 653 | |a Colección Lejarraga | ||
| 859 | |a AR-BHAM |b BIB. HUMANIDADES - Donacion Lejarraga |h MFN000132 |p 000132.19 | ||
